000 00461nam a2200157 a 4500
001 000020517
005 20200930011125.0
008 100322s2004 cu 000 0 spa d
020 _a9592588260
040 _aDO-SdBNP
_bspa
_cBNPHU
082 _axxxx
_bM433
100 1 _aMato García, Rosa María
_943234
245 1 0 _aSistemas de bases de datos /
_cRosa María Mato García.
260 _aLa Habana, Cuba :
_bFéliz Varela,
_c2004.
300 _a133 p. ;
_c24 cm.
999 _c20021
_d20021